| 000 | 00663nam a2200241Ia 4500 | ||
|---|---|---|---|
| 005 | 20250425162736.0 | ||
| 008 | 250425s9999 xx 000 0 und d | ||
| 020 | _a0385415761 | ||
| 041 | _aeng | ||
| 082 | _a658.406 | ||
| 100 | _aKLEINER, ART | ||
| 245 | 0 | _aTHE AGE OF HERETICS: HEROES, OUTLAWS, AND THE FORERUNNERS OF CORPORATE CHANGE | |
| 250 | _a1ST ED. | ||
| 260 |
_aEstados Unidos _bCURRENCY DOUBLEDAY _c1996 |
||
| 260 | _aNEW YORK | ||
| 300 | _a403 | ||
| 500 | _aDONADO POR GUILLERMO AROSEMENA | ||
| 650 | _aCAMBIO ORGANIZACIONAL | ||
| 650 | _aCASOS DE ADMINISTRACION | ||
| 710 | _aCURRENCY DOUBLEDAY | ||
| 942 | _c01 | ||
| 010 | _a104458 | ||
| 999 |
_c235491 _d235491 |
||